000 00379nam a2200145Ia 4500
008 230312s9999||||xx |||||||||||||| ||und||
082 _a624.071
_bASI-A
100 _aEngineer M.Asif Sheikh
245 0 _aAllied Civil Engineering Handbook-II
260 _bAllied Book Center
_apakistan
_c2012
300 _a266
546 _aUrdu
650 _aEngineering
_vHand Book
942 _cBK
999 _c6920
_d6920